Mustafa Kemal'i anlamak/ (Record no. 13851)

MARC details
000 -BAŞLIK
Sabit Uzunlukta Kontrol Alanı 00594nam a22001817a 4500
999 ## - SİSTEM KONTROL NUMARALARI (KOHA)
Koha Biblionumber 13851
Koha Biblioitemnumber 13851
003 - KONTROL NUMARASI IDENTIFIER
Denetim Alanı MIRAKIL
005 - SON İŞLEM TARİHİ VE ZAMANI
Denetim Alanı 20200728120003.0
008 - SABİT-BOY VERİ ELEMANLARI - GENEL BİLGİLER
Sabit Uzunlukta Kontrol Alanı 200728b tu ||||| |||| 00| 0 tur d
040 ## - KATALOGLAMA KAYNAK
Orijinal Kataloglama Ajansı TR-AnCHP
Kataloglama Dili tur
Metne Dönüştürmek Ajansı TR-AnCHP
082 ## - DEWEY ONLU SINIFLANDIRMA NUMARASI
Sınıflandırma Numarası ATA 923.1561
Ürün Numarası A72 1981
245 ## - BAŞLIK TABLOSU
Başlık Mustafa Kemal'i anlamak/
Sorumluluk Tablosu, Vb Hazırlayan Fahrünnisa Kadıbeşegil
260 ## - YAYIN, DAĞITIM, VB
Yayın, Dağıtım, Vb Yeri Ankara:
Yayıncı, Dağıtıcı, Vs Adı Oluşum,
Yayın, Dağıtım, Vb Tarihi 1981.
Üretici Firma Olgaç Matbaası.
300 ## - FİZİKSEL TANIM
Kapsam 157 s.:
Diğer Fiziksel Ayrıntıları fotg.;
Boyutlar 18 sm.
504 ## - KAYNAKÇA VB NOT
Kaynakça Vb Notu Kaynakça bölüm sonlarındadır.
600 ## - KONU KATMA GİRİŞ - KURUMSAL ADI
Kişisel Ad Atatürk, Mustafa Kemal
Bir Adıyla İlişkilendirilen Tarihler 1881-1938
700 ## - KATMA GİRİŞ - KİŞİSEL İSİM
9 (RLIN) 6336
Kişisel Ad Kadıbeşegül, Fahrunnisa
Relator Terim haz.
942 ## - EKLENDİ GİRİŞ ELEMANLARI (KOHA)
Koha Öğesi Türü Books
Holdings
Kalıcı Konum Mevcut Konum Edinme Tarihi Toplam Check-Out'Lar Tam Çağrı Numarası Barkod Tarih Son Görülme İtibaren Geçerli Fiyatlar Koha Öğesi Türü
CHP Kütüphanesi CHP Kütüphanesi 07/28/2020   ATA 923.1561 A72 1981 019306 07/28/2020 07/28/2020 Books